| 000 | 00414nam a2200157 i 4500 | ||
|---|---|---|---|
| 001 | bg | ||
| 245 | 0 |
_aElementy ekonometrii i programowania matematycznego / _cpod red. W. Sadowskiego. |
|
| 250 | _a[Wyd.3]. | ||
| 260 |
_aWarszawa, _c1985. |
||
| 700 | 1 |
_aSadowski, Wiesław. _eRed. |
|
| 040 | _cBPK | ||
| 041 | _apol | ||
| 080 | _a330.115+519.8](075.8) | ||
| 942 | _cKS | ||
| 008 | s pl f |000 0 pol | ||
| 999 |
_c2384 _d2384 |
||
| 856 |
_uhttp://koha.tu.koszalin.pl/cgi-bin/koha/opac-detail.pl?biblionumber=2384 _yKatalog online BPK |
||